000 01213nam0a22002651 4500
001 rc\1038976
005 20260406184646.0
035 _a(NLR Aleph) 006201604
090 _a6273296
_c6273296
100 _a20041129d1981 |||y0rusy50 ca
101 0 _arus
102 _aRU
105 _aa |||||||||
200 1 _aГеохимическая деятельность микроорганизмов в осадках Тихого океана
_eСб. науч. тр.
_fАН СССР, Науч. центр биол. исслед., Ин-т биохимии и физиологии микроорганизмов
_g[Редкол.: М.В. Иванов (науч. ред.) и др.]
210 _aПущино
_cНЦБИ АН СССР
_d1981
215 _a175 с.
_cил.
_d21
300 _aРез. работ англ.
320 _aБиблиогр. в конце работ
702 1 _aИванов
_bМ.В.
_gМихаил Владимирович
_4340
712 0 2 _aИнститут биохимии и физиологии микроорганизмов
_cПущино
_3RU\NLR\AUTH\889950063
_9395886
801 0 _aRU
_bNLR
_gpsbo
801 1 _aRU
_bELAR
_2rusmarc
852 _aNLR
_j82-5/4048
942 _cBOOK
980 _aNB